01009nam a2200229 a 4500001001000000005001700010008004100027020001500068040002300083050002200106245019500128260002900323300006000352504004100412600007400453600006100527650005700588650005400645700002800699700003100727700002100758BRCA_162920190320203502.0000802s1999 sp-a---##b---#000-0#spa-d a8477826455 aI5BbspacI5BdPL# 4aD180.5b.C37 199910aCarolus V ImperatorcFernando Chueca Goitia ... [et al.] ; edición a cargo de Pedro Navascués Palacio ; prólogo de Geoffrey Parker ; coordinación fotográfica de Ana María Chagra. aBarcelonabLunwergc1999 a457 p.bil. a colorc30 cm.e1 vol. en inglés : p. 69 aIncluye referencias bibliográficas14aCarlosbVcEmperador del Sacro Imperio Romanod1500-1558vBiografía14aCarlosbVcEmperador de Alemaniad1500-1558xBiografía14aReyes y soberanosvBiografíasySiglo XVIzEspaña14aReyes y noblesvBiografíasySiglo XVIzEspaña1 aChueca Goitia, Fernando1 aNavascués Palacio, Pedro1 aParker, Geoffrey